| 000 | 00712nam a22001577a 4500 | ||
|---|---|---|---|
| 003 | OSt | ||
| 005 | 20151006095029.0 | ||
| 008 | 151006b xxu||||| |||| 00| 0 eng d | ||
| 040 | _cRUA | ||
| 082 | _aAVM CHU 2003 B073 Or.1 | ||
| 100 |
_92113 _aCHUOB, THOL. |
||
| 245 | _astudy of efficiency of ecological system of chickent husbandry in tramkok district, takeo province ( ការសិក្សាពីប្រសិទ្ធភាពនៃការចិញ្ចឹមមាន់តាមគោលការណ៍ធម្មជាតិនៅស្រុកត្រាំកក់ ខេត្តតាកែវ) | ||
| 260 |
_aPhnom Penh _bRUA _c2003 |
||
| 300 |
_aiv, 42p. _bill. _c29cm. |
||
| 942 |
_2ddc _cAVM |
||
| 999 |
_c1988 _d1988 |
||